| 000 | 01219cam a2200289 a 4500 | ||
|---|---|---|---|
| 001 | 000012113 | ||
| 005 | 20200929162711.0 | ||
| 008 | 970131m19961997mx b 000 0 spa | ||
| 020 | _a9681651847 (set) | ||
| 020 | _a9681646983 (v. 1) | ||
| 020 | _a9681651286 (v. 2) | ||
| 035 | _a(DLC) 97110920 | ||
| 040 |
_aDO-SdBNP _bspa _cDLC _dBNPHU |
||
| 082 |
_a378.8 _bT278c |
||
| 245 | 0 | 4 |
_aLos temas críticos de la educación superior en América Latina / _ccompilador, Rollin Kent. |
| 260 |
_aAguascalientes, (México) : _bUniversidad Autónoma de Aguascalientes ; _bFondo de Cultura Económica, _aSantiago, (Chile) : _bFacultad Latinoamericana de Ciencias Sociales ;, _c1996. |
||
| 300 |
_a2 v. ; _c21 cm. |
||
| 490 | 1 | _aSección de obras de educación y pedagogía | |
| 504 | _aIncluye referencias bibliográficas. | ||
| 505 | 0 | _avol. 1 Estudios comparativos -- vol. 2. Los años 90 : expansión privada, evaluación y posgrado. | |
| 650 | 4 |
_aEducación superior _zAmérica Latina _d1990- _920447 |
|
| 650 | 4 |
_aEstudios interculturales _928626 |
|
| 700 | 1 |
_aKent Serna, Rollin, _ecomp. _928627 |
|
| 830 | 0 |
_aSección de obras de educación y pedagogía _928628 |
|
| 910 | _aCatalogación derivada | ||
| 049 | _aBNGR | ||
| 999 |
_c11778 _d11778 |
||